| 000 -LEADER |
| fixed length control field |
00277nam a2200109Ia 4500 |
| 008 - FIXED-LENGTH DATA ELEMENTS--GENERAL INFORMATION |
| fixed length control field |
200302s9999 xx 000 0 und d |
| 100 ## - MAIN ENTRY--PERSONAL NAME |
| Personal name |
Michael Rettinger |
| 245 ## - TITLE STATEMENT |
| Title |
Applied Architectural Acoustics |
| 260 ## - PUBLICATION, DISTRIBUTION, ETC. |
| Name of publisher, distributor, etc. |
Chemical Publishing Co.Inc. |
| 260 ## - PUBLICATION, DISTRIBUTION, ETC. |
| Date of publication, distribution, etc. |
1947 |
| 300 ## - PHYSICAL DESCRIPTION |
| Extent |
189 P., |